175 lời giải đáp về sức khỏe phụ nữ

Sách gồm 175 câu hỏi - đáp về các vấn đề sức khỏe mà phụ nữ thường gặp ở tuổi dậy thì, lúc mới cưới, lúc sinh nở, thời kỳ cho con bú và chăm trẻ sơ sinh

Uloženo v:
Podrobná bibliografie
Hlavní autor: Ngọc Anh
Médium: Kniha
Jazyk:Undetermined
Vydáno: Hà Nội Phụ Nữ 1998
Témata:
Tagy: Přidat tag
Žádné tagy, Buďte první, kdo otaguje tento záznam!
Thư viện lưu trữ: Trung tâm Học liệu Trường Đại học Cần Thơ
LEADER 00745nam a2200181Ia 4500
001 CTU_22565
008 210402s9999 xx 000 0 und d
082 |a 618.92 
082 |b M458 
100 |a Ngọc Anh 
245 0 |a 175 lời giải đáp về sức khỏe phụ nữ 
245 0 |c Ngọc Anh 
260 |a Hà Nội 
260 |b Phụ Nữ 
260 |c 1998 
520 |a Sách gồm 175 câu hỏi - đáp về các vấn đề sức khỏe mà phụ nữ thường gặp ở tuổi dậy thì, lúc mới cưới, lúc sinh nở, thời kỳ cho con bú và chăm trẻ sơ sinh 
650 |a gynecology,obstetrics 
980 |a Trung tâm Học liệu Trường Đại học Cần Thơ